<?xml version="1.0" encoding="UTF-8"?>
<record
    xmlns:xsi="http://www.w3.org/2001/XMLSchema-instance"
    xsi:schemaLocation="http://www.loc.gov/MARC21/slim http://www.loc.gov/standards/marcxml/schema/MARC21slim.xsd"
    xmlns="http://www.loc.gov/MARC21/slim">

  <leader>02085nab a2200253 a 4500</leader>
  <controlfield tag="005">20250318145652.0</controlfield>
  <controlfield tag="007">ta</controlfield>
  <controlfield tag="008">250318e2015    dr mn|p|r||||||0| | spa d</controlfield>
  <datafield tag="040" ind1=" " ind2=" ">
    <subfield code="a">DO-SdBNP</subfield>
    <subfield code="c">spa</subfield>
    <subfield code="d">BNPHU</subfield>
    <subfield code="e">rda</subfield>
  </datafield>
  <datafield tag="041" ind1=" " ind2=" ">
    <subfield code="h">spa</subfield>
  </datafield>
  <datafield tag="100" ind1="1" ind2=" ">
    <subfield code="a">Cass&#xE1;, Roberto, </subfield>
    <subfield code="d">1948-</subfield>
    <subfield code="9">10888</subfield>
    <subfield code="e">autor</subfield>
  </datafield>
  <datafield tag="245" ind1=" " ind2=" ">
    <subfield code="a">Nuevo jal&#xF3;n del AGN :  </subfield>
    <subfield code="b">apertura del Centro Regional Sur en San Juan de la Maguana / </subfield>
    <subfield code="c">Roberto Cass&#xE1;.</subfield>
  </datafield>
  <datafield tag="264" ind1=" " ind2=" ">
    <subfield code="a">Santo Domingo, Rep&#xFA;blica Dominicana : </subfield>
    <subfield code="b">Clodomiro Moquete,</subfield>
    <subfield code="c">2015.</subfield>
  </datafield>
  <datafield tag="300" ind1=" " ind2=" ">
    <subfield code="a">p&#xE1;ginas 44-47 : </subfield>
    <subfield code="b">ilustraciones, fotograf&#xED;as ;  </subfield>
    <subfield code="c">26.5 cm.</subfield>
  </datafield>
  <datafield tag="310" ind1=" " ind2=" ">
    <subfield code="a">Mensual.</subfield>
  </datafield>
  <datafield tag="336" ind1=" " ind2=" ">
    <subfield code="a">texto</subfield>
    <subfield code="b">txt</subfield>
    <subfield code="2">rdacontent</subfield>
  </datafield>
  <datafield tag="337" ind1=" " ind2=" ">
    <subfield code="a">sin mediaci&#xF3;n </subfield>
    <subfield code="b">n</subfield>
    <subfield code="2">rdamedia</subfield>
  </datafield>
  <datafield tag="338" ind1=" " ind2=" ">
    <subfield code="a">volumen </subfield>
    <subfield code="b">nc</subfield>
    <subfield code="2">rdacarrier</subfield>
  </datafield>
  <datafield tag="362" ind1=" " ind2=" ">
    <subfield code="a">A&#xF1;o.22: no. 94 (feb. 2015).</subfield>
  </datafield>
  <datafield tag="521" ind1=" " ind2=" ">
    <subfield code="a">Un hecho cultural de extraordinaria importancia y nuevo hito en la gesti&#xF3;n hist&#xF3;rica de Roberto Cass&#xE1; al frente del Archivo General de la Naci&#xF3;n, AGN; la inauguraci&#xF3;n en pocos d&#xED;as del Centro Regional Sur, con asiento en San Juan de la Maguana. El Archivo General de la Naci&#xF3;n, AGN, tiene car&#xE1;cter hist&#xF3;rico, como es l&#xF3;gico. Su enorme contenido est&#xE1; dedicado a la recreaci&#xF3;n y a la necesidad presente de la poblaci&#xF3;n, y todo ese cuerpo de material y espiritual tiene nueva vocaci&#xF3;n ins&#xF3;lita y sorprende que camina con la gesti&#xF3;n de Roberto Cass&#xE1;: la animaci&#xF3;n cultural. Es oportuna y trascendente la iniciativa oficial con el establecimiento de una dependencia del Archivo General de la Naci&#xF3;n. Definitivamente, con ello se inicia en San Juan la puesta en valor de gran parte de su riqueza hist&#xF3;rica del Suroeste en todos los &#xE1;mbitos del quehacer regional. Es tambi&#xE9;n, a mi manera de ver, oportunidad para reafirmar la identidad de los pueblos de la provincia tan cargada de historia; recogida en documentos que pudieran estar perdi&#xE9;ndose en los archivos del tiempo.</subfield>
  </datafield>
  <datafield tag="610" ind1=" " ind2="0">
    <subfield code="a">Archivo General de la Naci&#xF3;n (AGN)</subfield>
    <subfield code="9">86500</subfield>
    <subfield code="v">Publicaci&#xF3;n peri&#xF3;dica </subfield>
    <subfield code="z">San Juan de la Maguana, Rep&#xFA;blica Dominicana</subfield>
  </datafield>
  <datafield tag="773" ind1="0" ind2=" ">
    <subfield code="0">37028</subfield>
    <subfield code="9">284149</subfield>
    <subfield code="o">37538-22-94-3</subfield>
    <subfield code="t">Vetas :</subfield>
    <subfield code="w">(DO-SdBNP)000037538</subfield>
  </datafield>
  <datafield tag="942" ind1=" " ind2=" ">
    <subfield code="2">ddc</subfield>
    <subfield code="c">ISSUE</subfield>
  </datafield>
  <datafield tag="999" ind1=" " ind2=" ">
    <subfield code="c">58464</subfield>
    <subfield code="d">58464</subfield>
  </datafield>
</record>
